000
00286nam a22001337a 4500
008
171228b xxu||||| |||| 00| 0 eng d
020
_a
9780971468603
041
_a
eng
080
_a
821
100
_a
21
101
_a
GJL
245
_a
LOVER'S LEGENDS
_c
CALIMACH, A
942
_2
udc
_c
BK
999
_c
39557
_d
39557